000 00763nam a2200265Ia 4500
003 OSt
005 20220926011014.0
006 a|||||r|||| 00| 0
007 ta
008 220923b |||||||| |||| 00| 0 eng d
020 _a0130276561
037 _cGeneral Book
040 _aRTL
_cRTL
_beng
041 _2eng
_aeng
082 _aX9.73.N6, K4;M3
100 _aCaves Richard
245 0 _aAmerican industry
_b structure, conduct, perfromanc
250 _a5th
260 _aNew Jersey
_bPrentice hall
_c1982
300 _a127p. Bib p 199-20.
_ccm.
490 _aFoundations of modern economics series.
650 _aIndustrial Economics
942 _hX9.73.N6, K4;M3
_cGB
_2CC
999 _c618833
_d618833